Contribución al estudio del derecho comercial comparado: las nuevas tendencias del derecho comercial francés en el contexto de la economía europea en vías de unificación
Tallennettuna:
| Päätekijä: | |
|---|---|
| Aineistotyyppi: | Kirja |
| Kieli: | espanja |
| Julkaistu: |
Buenos Aires
EJEA
1971
|
| Sarja: | Breviarios de Derecho, 58
|
| Aiheet: | |
| Tagit: |
Lisää tagi
Ei tageja, Lisää ensimmäinen tagi!
|
MARC
| LEADER | 00000nam a2200000 a 4500 | ||
|---|---|---|---|
| 001 | UCS1835 | ||
| 003 | CL-VaPUC | ||
| 008 | 970515e19710000AG |||||||||||||||||spa|d | ||
| 082 | 0 | 4 | |a 346.07 |b GUY |2 21 |
| 100 | |a Guyénot, Jean-Pierre |e author |9 386703 | ||
| 245 | 1 | 0 | |a Contribución al estudio del derecho comercial comparado: las nuevas tendencias del derecho comercial francés en el contexto de la economía europea en vías de unificación |
| 300 | |a 201 p | ||
| 942 | |c BK | ||
| 945 | |d 19970515 00:00:00 |a paguirre | ||
| 260 | |a Buenos Aires |b EJEA |c 1971 | ||
| 650 | 0 | |a Derecho comercial |9 256340 | |
| 650 | 0 | |a Derecho comparado |9 255664 | |
| 650 | 0 | |a Sociedades |9 259052 | |
| 650 | 0 | |a Empresas |9 255569 | |
| 583 | |a last modification |c 19970515 00:00:00 |k Rodrigo Vera | ||
| 490 | 0 | |a Breviarios de Derecho, 58 | |
| 999 | |c 259867 |d 259865 | ||
| 952 | |0 0 |1 0 |4 0 |6 346_070000000000000_GUY_1971 |7 0 |8 A |9 285364 |a BIBDER |b BIBDER |d 2019-11-19 |i 1853783 |o 346.07 GUY 1971 |p 1853783 |r 2023-01-25 |w 2019-11-19 |y BK |k DER | ||